| 000 | 00752nam a22002297a 4500 | ||
|---|---|---|---|
| 999 |
_c7136 _d7136 |
||
| 003 | AR-CdUCM | ||
| 008 | 190320b ||||| |||| 00| 0 spa d | ||
| 040 |
_aMUNICIPALIDAD PROVINCIAL DEL CUSCO _cBIBLIOTECA MUNICIPAL DEL CUSCO |
||
| 082 |
_a629.1323 / _bOR63 |
||
| 100 |
_aOrdoƱez Romero, Carlos _920115 |
||
| 245 | _aAerodinamica / | ||
| 260 |
_aMexico : _bHispano Americana, _c1963. |
||
| 300 |
_a4 tomos ; _bCuadros, tablas, dibujos, ilustraciones, _c17 cm. |
||
| 440 |
_aManuales Uteha _n6 _919718 |
||
| 505 | _aContenido: Motores de embolos -- Helices -- Aeroplano completo | ||
| 650 |
_aTecnologia _91571 |
||
| 650 |
_aAerodinamica _920116 |
||
| 650 |
_aAeroplano _920117 |
||
| 650 |
_aHelices _920118 |
||
| 942 |
_2ddc _cLIBROS |
||
| 945 | _apjha | ||